| 000 | 06565nam a22007337a 4500 | ||
|---|---|---|---|
| 005 | 20070503115853.0 | ||
| 008 | 080825t xxu||||| |||| 00| 0 eng d | ||
| 010 | _aB-276748-780 | ||
| 020 |
_a8131713482 _c475.00 |
||
| 035 | _aB-276748-780 | ||
| 037 | _bUBH | ||
| 040 | _aDPL | ||
| 082 | _a006.7 | ||
| 100 | _aTeague, Jason Cranford. | ||
| 245 |
_aCSS, DHTML, & Ajax / _cby Jason Cranford Teague |
||
| 246 | _aCSS, DHTML, and Ajax | ||
| 250 | _a4th ed. | ||
| 260 |
_aDelhi _bPearson Educatio _c2007 |
||
| 300 |
_axxi, 562 p. _c23 cm (pbk) |
||
| 490 | _aVisual quickstart guide | ||
| 500 | _aIncludes index. | ||
| 500 | _aPreviously published as "DHTML and CSS for the World Wide Web". | ||
| 650 | _aDHTML (Document markup language) | ||
| 650 | _aCascading style sheets. | ||
| 650 | _aAjax (Web site development technology) | ||
| 650 |
_aWeb sites _xDesign. |
||
| 942 |
_2ddc _cEN _h006.7 _mTEA |
||
| 999 |
_c15051 _d15051 |
||